Santa Fé - Choix multiples - Statistiques

Statistiques générales
  • Ce quiz a été pris 6 fois
  • Le résultat moyen est 5 sur 10
Statistiques - réponses
Question Réponse % Correct
Quel acteur américain décéda dans sa résidence de Santa Fé en 2025 dans des circonstances qui paraissaient alors mystérieuses ? Gene Hackman
83%
De quel État des États-Unis d'Amérique, Santa Fé est-elle la capitale ? Le Nouveau-Mexique
83%
En quelle année Santa Fé est-elle passée sous souveraineté américaine ? 1848
50%
Parmi ces distinctions, laquelle a été décernée en 2012 à Santa Fé ? La ville la moins polluée du monde
50%
L'escalier de la chapelle de Lorette à Santa Fé est considéré comme miraculeux. Parmi les explications suivantes, laquelle n'a jamais été évoquée pour expliquer l'aspect miraculeux de cet escalier ? Lors du terrible séisme qui a dévasté Santa Fé à la fin du XIXe siècle, l'escalier est resté intact alors que la chapelle était détruite.
50%
Parmi les images suivantes, reconnaissez-vous Santa Fé ?
33%
De quelle nation amérindienne Santa Fé est reconnu comme faisant partie du territoire ancestral ? Les Pueblos
33%
En espagnol, Santa Fé signifie "Sainte Foi". Initialement, le nom de la ville évoquait la foi d'un grand saint. Lequel ? Saint François d'Assise
33%
En trois mois, un charpentier inconnu a construit l'escalier évoqué à la question précédente, puis a disparu sans demander sa paie. Dès lors, à qui attribue-t-on sa construction ? Saint Joseph
33%
Les frères Pierre-Antoine Mallet et Paul Mallet ont ouvert le commerce des fourrures entre Santa Fé et la Nouvelle-France. D'où sont-ils originaire ? De Montréal
17%
Aucun quiz correspondant
Distribution des résultats
% des personnes avec chaque résultat
Percentile par nombre de réponses
Votre historique - résultats
Vous n’avez pas pris ce quiz